កូនមាន់លីលី / (Record no. 9207)

MARC details
000 -LEADER
fixed length control field 02642nam a22002777a 4500
001 - CONTROL NUMBER
control field 9207
003 - CONTROL NUMBER IDENTIFIER
control field FISKH
005 - DATE AND TIME OF LATEST TRANSACTION
control field 20251202085807.0
008 - FIXED-LENGTH DATA ELEMENTS--GENERAL INFORMATION
fixed length control field 251202b cb ||||| |||| 00| 0 eng d
040 ## - CATALOGING SOURCE
Original cataloging agency FISKH
Language of cataloging khr
Transcribing agency FISKH
Modifying agency FISKH
050 ## - LIBRARY OF CONGRESS CALL NUMBER
Classification number PZ7
082 ## - DEWEY DECIMAL CLASSIFICATION NUMBER
Classification number 398.2
100 ## - MAIN ENTRY--PERSONAL NAME
Personal name Anonymous
245 ## - TITLE STATEMENT
Title កូនមាន់លីលី /
Statement of responsibility, etc. By Anonymous
260 ## - PUBLICATION, DISTRIBUTION, ETC.
Place of publication, distribution, etc. Phnom Penh :
300 ## - PHYSICAL DESCRIPTION
Extent 16 pages :
Other physical details color illustrations ;
Dimensions 21 cm .
505 ## - FORMATTED CONTENTS NOTE
Formatted contents note J <br/>
520 ## - SUMMARY, ETC.
Summary, etc. លីលីកំពុងចឹកចំណីស្រាប់តែមានផ្លែសែនធ្លាក់លើក្បាលវា​ វាច្រលំមេឃកំពុងធ្លាក់វាក៏មានបំណងចង់ប្រាប់រឿងនេះទៅដល់ស្តេច ។​ នៅតាមផ្លូវវាបានជួបនឹង មាន់គក ក្ងាន មាន់បារាំង​ សត្វទាំងនេះក៏សុំលីលីទៅជាមួយដែរ ។ ក្រោយមកវាក៏ាបានជួបកញ្ជ្រោងមួយក្បាល កញ្ជ្រោងក៏ប្រើល្បិចដើម្បីសុីសត្វទាំងនោះ ។ វាក៏នាំសត្វទាំងនោះទៅក្នុងរូងភ្នំមួយ ហើយក៏សុីសត្វទាំងនោះលើកលែងតែលីលី ។ ក្រោយមកលីលីក៏លែងទុកចិត្តកព្ជ្រោង​ ហើយរាល់ពេលដែលវាចេញពីផ្ទះវាតែងតែបាំងឆត្រ័ហើយក៏លែងរវល់នឹងអ្វីៗដែលធ្លាក់មកពីលើមេឃទៀតដែរ ។
520 ## - SUMMARY, ETC.
Summary, etc. Lyly was pecking at her food when suddenly an acorn fell on her head. She became confused and thought the sky was falling, so she decided to go and tell the King.<br/>On her way, she met Rooster, Goose, and Turkey, and all of them asked to go with her.<br/>Later, she met a fox. The fox used a trick in order to eat them. He led them into a cave and ate all of them except Lily . <br/>Afterward, Lyly no longer trusted the fox, and whenever she left home, she always stayed alert and was no longer worried about things falling from the sky.
521 8# - TARGET AUDIENCE NOTE
Target audience note 500 <br/>
Source Lexile estimate <br/>
521 8# - TARGET AUDIENCE NOTE
Target audience note J <br/>
Source RAz-Plus <br/>
650 ## - SUBJECT ADDED ENTRY--TOPICAL TERM
Topical term or geographic name entry element កូនមាន់លីលី
Form subdivision រឿងនិទានកុមារ​
650 ## - SUBJECT ADDED ENTRY--TOPICAL TERM
Topical term or geographic name entry element Lyly the chick
Form subdivision Children's Stories
942 ## - ADDED ENTRY ELEMENTS (KOHA)
Source of classification or shelving scheme Dewey Decimal Classification
Koha item type Khmer Books
Suppress in OPAC No
Holdings
Withdrawn status Lost status Source of classification or shelving scheme Damaged status Not for loan Collection Home library Current library Shelving location Date acquired Total Checkouts Full call number Barcode Date last seen Copy number Price effective from Koha item type
    Dewey Decimal Classification     Khmer Language Books / សៀវភៅភាសាខ្មែរ Footprints International School Library Network Toul Tom Poung Campus Footprints International School Library Network Toul Tom Poung Campus TTP Primary Khmer Bookshelves 12/02/2025   ANO PZ7 398.2 2025-4999 12/02/2025 1 12/02/2025 Khmer Books
    Dewey Decimal Classification     Khmer Language Books / សៀវភៅភាសាខ្មែរ Footprints International School Library Network Toul Tom Poung Campus Footprints International School Library Network Toul Tom Poung Campus TTP Primary Khmer Bookshelves 12/11/2025   ANO PZ7 398.2 2025-5107 12/11/2025 2 12/11/2025 Khmer Books